| 000 | 00726nam a22002177a 4500 | ||
|---|---|---|---|
| 999 |
_c2166 _d2166 |
||
| 003 | AR-CdUCM | ||
| 008 | 190304b ||||| |||| 00| 0 spa d | ||
| 040 |
_aMUNICIPALIDAD PROVINCIAL DEL CUSCO _cBIBLIOTECA MUNICIPAL DEL CUSCO |
||
| 082 |
_a980.04 / _bB24 |
||
| 100 |
_aBarba, Esteve Francisco _97811 |
||
| 245 | _aCultura Virreinal / | ||
| 260 |
_aMadrid : _bSalvat , _c1965. |
||
| 300 |
_a1019 páginas ; _c24.5 cm. |
||
| 440 |
_aHistoria de America _n17 _97812 |
||
| 505 | _aContenido : La Musica -- Las ciencias -- Cultura Virreinal -- La Historia -- El Pensamiento... | ||
| 650 |
_aVierrinato _97813 |
||
| 650 |
_aCultura Virreinal _97814 |
||
| 650 |
_aHistoria de America _91537 |
||
| 942 |
_2ddc _cLIBROS |
||
| 945 | _artm | ||